<?xml version="1.0" encoding="UTF-8"?><?xml-stylesheet type="text/xsl" href="static/style.xsl"?><OAI-PMH xmlns="http://www.openarchives.org/OAI/2.0/" xmlns:xsi="http://www.w3.org/2001/XMLSchema-instance" xsi:schemaLocation="http://www.openarchives.org/OAI/2.0/ http://www.openarchives.org/OAI/2.0/OAI-PMH.xsd"><responseDate>2026-04-18T01:12:51Z</responseDate><request verb="GetRecord" identifier="oai:www.recercat.cat:20.500.12327/2261" metadataPrefix="marc">https://recercat.cat/oai/request</request><GetRecord><record><header><identifier>oai:recercat.cat:20.500.12327/2261</identifier><datestamp>2025-10-22T11:29:09Z</datestamp><setSpec>com_2072_4428</setSpec><setSpec>com_2072_4427</setSpec><setSpec>col_2072_487898</setSpec></header><metadata><record xmlns="http://www.loc.gov/MARC21/slim" xmlns:dcterms="http://purl.org/dc/terms/" xmlns:xsi="http://www.w3.org/2001/XMLSchema-instance" xmlns:doc="http://www.lyncode.com/xoai" xsi:schemaLocation="http://www.loc.gov/MARC21/slim http://www.loc.gov/standards/marcxml/schema/MARC21slim.xsd">
   <leader>00925njm 22002777a 4500</leader>
   <datafield ind2=" " ind1=" " tag="042">
      <subfield code="a">dc</subfield>
   </datafield>
   <datafield ind2=" " ind1=" " tag="720">
      <subfield code="a">Fernandez-Gonzalez, V.</subfield>
      <subfield code="e">author</subfield>
   </datafield>
   <datafield ind2=" " ind1=" " tag="720">
      <subfield code="a">Aguado-Giménez, F.</subfield>
      <subfield code="e">author</subfield>
   </datafield>
   <datafield ind2=" " ind1=" " tag="720">
      <subfield code="a">Gairin Deulofeu, Joan Ignasi</subfield>
      <subfield code="e">author</subfield>
   </datafield>
   <datafield ind2=" " ind1=" " tag="720">
      <subfield code="a">Sanchez-Jerez, P.</subfield>
      <subfield code="e">author</subfield>
   </datafield>
   <datafield ind2=" " ind1=" " tag="260">
      <subfield code="c">2013-01-03</subfield>
   </datafield>
   <datafield ind2=" " ind1=" " tag="520">
      <subfield code="a">A 5-factor design survey was carried out to examine the spatial distribution at different scales of amphipod assemblages and sedimentary variables in soft bottoms adjacent to coastal aquaculture installations. Natural variability of sediment variables showed the highest values at the scales of sites (10s of meters) and locality (1 to 10 km), while the greatest component of variation of amphipod assemblages occurred among replicates (on the scale of meters). Regarding the influence of coastal aquaculture, the highest variability of the environmental variables was observed among the different fish farms. On sandy localities, the influence gradient of coastal aquaculture was determined by total free sulphides, whilst, in muddy localities, the main variable was δ15N. This study has important  consequences for the establishment of a clear and effective methodology for studying and monitoring the impact of fish farming, highlighting the complicated establishment of a widespread pattern of effects by coastal aquaculture. The necessity to apply a high replication effort at several spatial scales, especially at the scales of meters and 10s of meters, to increase the precision of estimates of assemblage composition should be taken into consideration</subfield>
   </datafield>
   <datafield ind1="8" ind2=" " tag="024">
      <subfield code="a">Fernandez-Gonzalez, V, F Aguado-Giménez, JI Gairin, and P Sanchez-Jerez. 2013. "Exploring Patterns Of Variation In Amphipod Assemblages At Multiple Spatial Scales: Natural Variability Versus Coastal Aquaculture Effect". Aquaculture Environment Interactions 3 (2): 93-105. doi:10.3354/aei00054.</subfield>
   </datafield>
   <datafield ind1="8" ind2=" " tag="024">
      <subfield code="a">1869-215X</subfield>
   </datafield>
   <datafield ind1="8" ind2=" " tag="024">
      <subfield code="a">http://hdl.handle.net/20.500.12327/2261</subfield>
   </datafield>
   <datafield ind1="8" ind2=" " tag="024">
      <subfield code="a">https://doi.org/10.3354/aei00054</subfield>
   </datafield>
   <datafield ind2="0" ind1="0" tag="245">
      <subfield code="a">Exploring patterns of variation in amphipod assemblages at multiple spatial scales: natural variability versus coastal aquaculture effect</subfield>
   </datafield>
</record></metadata></record></GetRecord></OAI-PMH>